000 nam a22 a 4500
999 _c37757
_d37757
003 BLK
005 20221212134625.0
008 180408b bul|||||r ||||||| ||bul||
040 _aBLK
041 _aBUL
_cBUL
080 _aЦени. Ценообразуване. Производствени разходи. Себестойност
_b338.5
_x(075.8)
_z338.5(075.8)
100 1 _aВасилев, Васко Николов
_eпърви автор
_9365242
139 _aВасилев, Васко Николов
245 1 0 _aЦени и ценообразуване
_bЗаписки за студентите от ВФСИ Д. А. Ценов - Свищов
_cВаско Василев.
257 _aBGR
260 _aСвищов
_bВФСИ Д. А. Ценов
_c1981
300 _a215 с.
_bсъс сх.
_c20 см
380 _a3
500 _aИзд. на ВФСИ Д. А. Ценов-Свищов. Кат. Финанси и кредит
650 4 _aЦени и ценообразуване - учебници за ВУЗ
_9244915
653 _aцени
653 _aценообразуване
653 _aучебници за ВУЗ
852 _aЦб 109795
_bЦб
942 _cKNG
_n0
_s1
944 _aCR
_c24.08.2016
_kТеодора_Стоянова
944 _aED
_c2022-12-12